000 00675nam a2200241Ia 4500
003 OSt
005 20221007065008.0
006 a|||||r|||| 00| 0
007 ta
008 221006b |||||||| |||| 00| 0 eng d
024 _a24,001
037 _cTextual
040 _aFLL
_cFLL
_beng
041 _2eng
_aeng
082 _aZ2:211:1qN76, L6
100 _aBhargava Gopal
245 0 _aSocio economic and legal implications of urban land ceiling and regulation
250 _a1st
260 _aDelhi
_bShakti Malik India
_c1983
300 _axiv,1-172p
_ccm.
942 _hZ2:211:1qN76, L6
_cTEXL
_2CC
999 _c1135973
_d1135973